Europejskie ruchy separastyczne - Statystyki

Ogólne statystyki
  • Ten quiz został rozwiązany 8 razy
  • Średni wynik to 6 z 15
Statystyki odpowiedzi
Obecnie część Ruch separatyczny % Poprawnych
Francji, Hiszpanii Kraj Basków
75%
Wielkiej Brytanii Szkocja
75%
Norwegii, Szwecji, Finlandii, Rosji Laponia
63%
Czech Morawy
63%
Serbii Wojwodina
63%
Hiszpanii Andaluzja
50%
Danii, Niemiec, Holandii Fryzja
50%
Austrii, Włoch Tyrol
50%
Austrii Karyntia
25%
Francji Korsyka
25%
Włoch Toskania
25%
Francji Normandia
13%
Rosji Królewiec
0%
Bośni i Hercegowiny Republika Srbska
0%
Polski, Ukrainy, Słowacji Ruś Zakarpacka
0%
Nie znaleziono quizów pasujących do podanych kryteriów
Rozkład punktacji
Procent ludzi z każdym wynikiem
Percentyl według liczby udzielonych odpowiedzi
Twoja historia wyników
Nie rozwiązałeś tego quizu